| 000 | 00567nam a2200193 i 4500 | ||
|---|---|---|---|
| 001 | 22435 | ||
| 003 | ES-MaACL | ||
| 007 | t| | ||
| 008 | 021202s1984 sp ||||1| spa d | ||
| 020 | _a84-359-0376 | ||
| 100 | 0 |
_aAlegre Cudós, José Luis, _d1951-2022 _919668 |
|
| 245 | 1 | 3 |
_aPoema del estado esteta / _cJosé Luis Alegre Cudós. |
| 260 |
_a[Madrid] : _bPlayor, _c[1984] |
||
| 300 |
_a92 p. ; _c19 cm. |
||
| 490 | 1 | _aNueva poesía | |
| 830 | 0 |
_aNueva poesía (Playor) _9180866 |
|
| 852 |
_aES-MaACL _jL-9164 _bR.108800 |
||
| 999 |
_c22435 _d22435 |
||